| Tag |
First Indicator |
Second Indicator |
Subfields |
| LEADER |
00000cam a22000008i 4500 |
| 001 |
in00000665346 |
| 005 |
20230508154948.6 |
| 008 |
791019s1980 nyu 001 0 eng |
| 010 |
|
|
|a 79026299
|
| 020 |
|
|
|a 0679514562
|
| 035 |
|
|
|a (OCoLC)05677175
|
| 035 |
|
|
|9 ACX6148AM
|
| 040 |
|
|
|a DLC
|c DLC
|d TXA
|d UtOrBLW
|
| 043 |
|
|
|a n-us---
|
| 049 |
|
|
|a TXAM
|c [1497813]
|
| 050 |
0 |
0 |
|a D769
|b .U49 1980
|
| 082 |
0 |
|
|a 940.53/73
|
| 110 |
1 |
|
|a United States.
|b Army.
|b Office of Military History.
|
| 245 |
1 |
0 |
|a World War II :
|b a concise military history of America's all-out, two-front war : adapted from American military history /
|c Office of the Chief of Military History, United States Army ; Maurice Matloff, general editor ; [contributing editors, Robert W. Coakley and others].
|
| 263 |
|
|
|a 8002
|
| 264 |
|
1 |
|a New York :
|b D. McKay,
|c [1980?]
|
| 300 |
|
|
|a 154 pages :
|b illustrations ;
|c 24 cm.
|
| 336 |
|
|
|a text
|b txt
|2 rdacontent
|
| 337 |
|
|
|a unmediated
|b n
|2 rdamedia
|
| 338 |
|
|
|a volume
|b nc
|2 rdacarrier
|
| 500 |
|
|
|a Includes index.
|
| 650 |
|
0 |
|a World War, 1939-1945
|z United States.
|
| 651 |
|
0 |
|a United States
|x History
|y 1933-1945.
|
| 700 |
1 |
|
|a Matloff, Maurice,
|d 1915-1993.
|
| 700 |
1 |
|
|a Coakley, Robert W.
|
| 700 |
1 |
|
|a Matloff, Maurice,
|d 1915-1993.
|t American military history.
|
| 999 |
|
|
|a MARS
|
| 999 |
f |
f |
|s 2751fb39-8db7-36a8-af0f-51e70563e0ec
|i 9797ab0d-f521-37ea-8105-b85ab2e1156d
|t 0
|
| 952 |
f |
f |
|p ric
|a Texas A&M University
|b Rellis Campus
|c Joint Library Facility
|d Remote Storage
|t 0
|e D769 .U49 1980
|h Library of Congress classification
|i unmediated -- volume
|m A14801894182
|
| 998 |
f |
f |
|a D769 .U49 1980
|t 0
|l Remote Storage
|